Séries de jeux vidéo les plus vendues - Statistiques

Statistiques générales
  • Ce quiz a été pris 57 fois
  • Le résultat moyen est 16 sur 50
Statistiques - réponses
Rang Franchise Ventes % Correct
1 Mario 893,5 millions
94%
3 Call of Duty 500 millions
81%
5 Grand Theft Auto 470 millions
80%
6 FIFA 325 millions
76%
13 The Legend of Zelda 173,6 millions
76%
7 Minecraft 300 millions
69%
4 Pokémon 489 millions
57%
20 Sonic the Hedgehog 116,9 millions
54%
9 Assassin's Creed 200 millions
52%
2 Tetris 520 millions
50%
22 eFootball 112,5 millions
48%
15 NBA 2K 160 millions
44%
28 Animal Crossing 82,9 millions
41%
10 Final Fantasy 200 millions
41%
37 Battlefield 70,9 millions
39%
24 Gran Turismo 100 millions
39%
29 Halo 81 millions
39%
16 Need for Speed 150 millions
37%
41 Super Smash Bros. 64,1 millions
35%
30 God of War 80 millions
31%
14 Resident Evil 170 millions
31%
25 Tomb Raider 100 millions
31%
39 Counter-Strike 65 millions
26%
8 Les Sims 200 millions
26%
21 Red Dead 115 millions
26%
48 Street Fighter 56 millions
26%
44 Crash Bandicoot 60 millions
24%
36 Donkey Kong 71,4 millions
24%
12 Wii 197,1 millions
24%
23 Mortal Kombat 100 millions
22%
50 Far Cry 50 millions
20%
11 Lego 200 millions
19%
47 Tekken 57 millions
19%
34 The Witcher 75 millions
19%
45 Dragon Ball 59 millions
17%
42 Metal Gear 62,9 millions
17%
46 The Elder Scrolls 58,6 millions
15%
33 PUBG: Battlegrounds 75 millions
13%
38 WWE 2K 70 millions
13%
26 Borderlands 93 millions
11%
32 Civilization 76 millions
11%
31 Just Dance 80 millions
11%
17 Madden NFL 130 millions
11%
35 Worms 75 millions
11%
27 Dragon Quest 91 millions
9%
19 Monster Hunter 120 millions
7%
43 Terraria 60,7 millions
6%
49 Human: Fall Flat 55 millions
2%
40 The Oregon Trail 65 millions
2%
18 Tom Clancy's 122 millions
2%
Aucun quiz correspondant
Distribution des résultats
% des personnes avec chaque résultat
Percentile par nombre de réponses
Votre historique - résultats
Vous n’avez pas pris ce quiz